00333nam a22001337a 4500003000700000005001700007008004100024082001600065100002000081245002800101260003100129300000800160650003100168MPLRDC20220104123720.0210129b ||||| |||| 00| 0 eng d a528.21 ZFR  a张丰荣编著 a给孩子完美的爱c ab龙和出版公司c1990 b平 a子女教育; 亲子教育